000 00448cam a2200181ua 4500
001 6772
008 140212n ii |||gr||||Z||||||asm
040 _cMAIN
082 _a651
245 _aBanijyik prabesika
_cBy Krishnakanta kalita
250 _a2nd ed.
260 _aGuwahati:
_bBrua agency,
_c1990.
300 _ax,320p.
653 _aOffice services
653 _aBanijyik prabesika
700 _aKalita,Krishnakanta,
_eAuthor.
942 _cBK
999 _c5920
_d5920